Nominees for Best Picture - 1990s - Statistics

General Stats
  • This quiz has been taken 50 times
  • The average score is 29 of 50
Answer Stats
Year Director Cast Film % Correct
1999 Sam Mendes Kevin Spacey, Annette Bening, Thora Birch, Allison Janney, Peter Gallagher, Mena Suvari, Wes Bentley, Chris Cooper American Beauty
94%
1998 John Madden Gwyneth Paltrow, Joseph Fiennes, Geoffrey Rush, Colin Firth, Ben Affleck, Judi Dench, Simon Callow, Jim Carter, Martin Clunes, Antony Sher, Imelda Staunton, Tom Wilkinson, Mark Williams Shakespeare in Love
91%
1997 James Cameron Leonardo DiCaprio, Kate Winslet, Billy Zane, Kathy Bates, Frances Fisher, Bernard Hill, Jonathan Hyde, Danny Nucci, David Warner, Bill Paxton Titanic
91%
1994 Quentin Tarantino John Travolta, Samuel L. Jackson, Uma Thurman, Harvey Keitel, Tim Roth, Amanda Plummer, Maria de Medeiros, Ving Rhames, Eric Stoltz, Rosanna Arquette, Christopher Walken, Bruce Willis Pulp Fiction
85%
1999 M. Night Shyamalan Bruce Willis, Toni Collette, Olivia Williams, Haley Joel Osment The Sixth Sense
85%
1998 Steven Spielberg Tom Hanks, Edward Burns, Matt Damon, Tom Sizemore, Barry Pepper, Giovanni Ribisi, Vin Diesel, Adam Goldberg, Jeremy Davies Saving Private Ryan
82%
1995 Mel Gibson Mel Gibson, Sophie Marceau, Patrick McGoohan, Catherine McCormack Braveheart
79%
1996 Joel Coen Frances McDormand, William H. Macy, Steve Buscemi, Harve Presnell, Peter Stormare Fargo
79%
1994 Robert Zemeckis Tom Hanks, Robin Wright, Gary Sinise, Mykelti Williamson, Sally Field Forrest Gump
79%
1991 Jonathan Demme Jodie Foster, Anthony Hopkins, Scott Glenn, Ted Levine, Anthony Heald The Silence of the Lambs
79%
1992 Clint Eastwood Clint Eastwood, Gene Hackman, Morgan Freeman, Richard Harris Unforgiven
79%
1997 Gus Van Sant Matt Damon, Robin Williams, Ben Affleck, Stellan Skarsgård, Minnie Driver Good Will Hunting
76%
1996 Cameron Crowe Tom Cruise, Cuba Gooding Jr., Renée Zellweger, Kelly Preston, Jerry O'Connell, Jay Mohr, Bonnie Hunt Jerry Maguire
76%
1993 Steven Spielberg Liam Neeson, Ben Kingsley, Ralph Fiennes, Caroline Goodall, Jonathan Sagalle, Embeth Davidtz Schindler's List
76%
1993 Andrew Davis Harrison Ford, Tommy Lee Jones, Sela Ward, Joe Pantoliano, Andreas Katsulas, Jeroen Krabbé The Fugitive
76%
1997 James L. Brooks Jack Nicholson, Helen Hunt, Greg Kinnear, Cuba Gooding Jr., Skeet Ulrich, Shirley Knight As Good as It Gets
73%
1990 Jerry Zucker Patrick Swayze, Demi Moore, Whoopi Goldberg, Tony Goldwyn Ghost
73%
1996 Anthony Minghella Ralph Fiennes, Juliette Binoche, Willem Dafoe, Kristin Scott Thomas, Naveen Andrews, Colin Firth, Julian Wadham, Jürgen Prochnow The English Patient
73%
1990 Kevin Costner Kevin Costner, Mary McDonnell, Graham Greene, Rodney Grant Dances with Wolves
70%
1990 Martin Scorsese Robert De Niro, Ray Liotta, Joe Pesci, Lorraine Bracco, Paul Sorvino Goodfellas
70%
1990 Francis Ford Coppola Al Pacino, Diane Keaton, Talia Shire, Andy García, Eli Wallach, Joe Mantegna, Bridget Fonda, George Hamilton, Sofia Coppola The Godfather Part III
70%
1994 Frank Darabont Tim Robbins, Morgan Freman, Bob Gunton, William Sadler, Clancy Brown, Gil Bellows, James Whitmore The Shawshank Redemption
70%
1995 Ron Howard Tom Hanks, Kevin Bacon, Bill Paxton, Gary Sinise, Ed Harris, Kathleen Quinlan Apollo 13
67%
1992 Rob Reiner Tom Cruise, Jack Nicholson, Demi Moore, Kevin Bacon, Kevin Pollak, Wolfgang Bodison, James Marshall, J.T. Walsh, Kiefer Sutherland A Few Good Men
64%
1998 Roberto Benigni Roberto Benigni, Nicoletta Braschi Life Is Beautiful
64%
1999 Frank Darabont Tom Hanks, David Morse, Bonnie Hunt, Michael Clarke Duncan, James Cromwell, Michael Jeter, Graham Greene, Doug Hutchison, Sam Rockwell, Barry Pepper, Jeffrey DeMunn, Patricia Clarkson, Harry Dean Stanton The Green Mile
64%
1994 Mike Newell Hugh Grant, Andie MacDowell, Kristin Scott Thomas, Simon Callow, James Fleet, John Hannah, Charlotte Coleman, David Bower, Corin Redgrave, Rowan Atkinson Four Weddings and a Funeral
61%
1993 Jane Campion Holly Hunter, Harvey Keitel, Sam Neill, Anna Paquin, Kerry Walker, Genevieve Lemon The Piano
55%
1998 Shekhar Kapur Cate Blanchett, Geoffrey Rush, Christopher Eccleston, Joseph Fiennes, Eric Cantona, Richard Attenborough Elizabeth
52%
1997 Curtis Hanson Kevin Spacey, Russell Crowe, Guy Pearce, James Cromwell, David Strathairn, Kim Basinger, Danny DeVito L.A. Confidential
52%
1991 Oliver Stone Kevin Costner, Kevin Bacon, Tommy Lee Jones, Laurie Metcalf, Gary Oldman, Joe Pesci, Michael Rooker, Jay O. Sanders, Sissy Spacek JFK
48%
1992 Martin Brest Al Pacino, Chris O'Donnell, James Rebhorn, Philip Seymour Hoffman, Gabrielle Anwar Scent of a Woman
45%
1993 Jim Sheridan Daniel Day-Lewis, Emma Thompson, Pete Postlethwaite In the Name of the Father
42%
1992 Neil Jordan Stephen Rea, Miranda Richardson, Jaye Davidson, Forest Whitaker The Crying Game
42%
1999 Lasse Hallström Tobey Maguire, Charlize Theron, Paul Rudd, Delroy Lindo, Michael Caine, Jane Alexander, Kathy Baker, Kieran Culkin, Heavy D, Kate Nelligan, Erykah Badu The Cider House Rules
39%
1999 Michael Mann Al Pacino, Russell Crowe, Christopher Plummer, Diane Venora, Philip Baker Hall, Lindsay Crouse, Debi Mazar The Insider
39%
1990 Penny Marshall Robert De Niro, Robin Williams, John Heard, Julie Kavner, Penelope Ann Miller, Max von Sydow Awakenings
36%
1996 Scott Hicks Geoffrey Rush, Lynn Redgrave, Armin Mueller-Stahl, Noah Taylor, John Gielgud Shine
36%
1991 Barbra Streisand Barbra Streisand, Nick Nolte, Blythe Danner, Kate Nelligan, Jeroen Krabbé, Melinda Dillon, George Carlin, Jason Gould The Prince of Tides
36%
1993 James Ivory Anthony Hopkins, Emma Thompson, James Fox, Christopher Reeve, Peter Vaughan, Hugh Grant, Michael Lonsdale, Tim Pigott-Smith The Remains of the Day
36%
1995 Ang Lee Emma Thompson, Alan Rickman, Kate Winslet, Hugh Grant Sense and Sensibility
33%
1995 Michael Radford and Massimo Troisi Massimo Troisi, Philippe Noiret, David Partington, Karen Marrie, Maria Grazia Cucinotta Il Postino
30%
1997 Peter Cattaneo Robert Carlyle, Tom Wilkinson, Mark Addy, William Snape, Steve Huison, Paul Barber, Hugo Speer The Full Monty
30%
1995 Chris Noonan James Cromwell, Magda Szubanski Babe
27%
1991 Barry Levinson Warren Beatty, Annette Bening, Harvey Keitel, Ben Kingsley, Joe Mantegna Bugsy
27%
1996 Mike Leigh Timothy Spall, Brenda Blethyn, Phyllis Logan, Marianne Jean-Baptiste, Claire Rushbrook, Ron Cook, Lesley Manville, Elizabeth Berrington, Michele Austin, Lee Ross, Emma Amos, Hannah Davis Secrets & Lies
27%
1994 Robert Redford John Turturro, Rob Morrow, Ralph Fiennes, David Paymer, Paul Scofield Quiz Show
24%
1991 Gary Trousdale and Kirk Wise Paige O'Hara, Robby Benson, Richard White, Jerry Orbach, David Ogden Stiers, Angela Lansbury, Rex Everhart, Jesse Corti Beauty and the Beast
18%
1992 James Ivory Anthony Hopkins, Vanessa Redgrave, Helena Bonham Carter, Emma Thompson, James Wilby, Samuel West, Jemma Redgrave, Prunella Scales Howards End
18%
1998 Terrence Malick Sean Penn, Adrien Brody, Jim Caviezel, Ben Chaplin, George Clooney, John Cusack, Woody Harrelson, Elias Koteas, Nick Nolte, John C. Reilly, John Travolta, Jared Leto The Thin Red Line
15%
No matching quizzes found
Score Distribution
Percent of People with Each Score
Percentile by Number Answered
Your Score History
You have not taken this quiz